Most Valuable Companies In 1990 - Statistics

General Stats
  • This quiz has been taken 24 times
  • The average score is 3 of 10
Answer Stats
Market Cap Answer % Correct
$23.3 billion General Electric
63%
$26.4 billion Coca Cola
47%
$62.6 billion Exxon Mobil
47%
$52 billion International Business Machines
42%
$25.4 billion Walmart
42%
$23 billion Procter and Gamble
21%
$27.7 billion Merck
5%
$34.7 billion Raytheon
5%
$28 billion Bristol-Myers Squibb
0%
$44.6 billion Loews
0%
No matching quizzes found
Score Distribution
Percent of People with Each Score
Percentile by Number Answered
Your Score History
You have not taken this quiz